BEN 10: ALIEN FORCE - Statistics

General Stats
  • This quiz has been taken 57 times
    50 since last reset
  • The average score is 12 of 16
Answer Stats
Picture Answer % Correct
diamondhead
86%
echo
86%
spider monkey
86%
swampfire
86%
alien x
84%
big chill
84%
brainstorm
84%
chromastone
84%
jetray
84%
four arms
81%
ghostfreak
81%
goop
81%
way big
78%
wildmutt
78%
cannonbolt
70%
humongousaurus
0%
No matching quizzes found
Score Distribution
Percent of People with Each Score
Percentile by Number Answered
Your Score History
You have not taken this quiz since the last reset